Guess the Logos - Statistics

General Stats
  • This quiz has been taken 288 times
  • The average score is 15 of 16
Answer Stats
Picture Answer % Correct
Apple
99%
Starbucks
99%
Facebook
98%
Twitter
98%
Youtube
98%
Instagram
96%
Snapchat
96%
Tesla
94%
Tik Tok
94%
Android
92%
Toyota
92%
Mercedes
91%
Bitcoin
89%
Firefox
87%
Olympics
87%
Skype
83%
No matching quizzes found
Score Distribution
Percent of People with Each Score
Percentile by Number Answered
Your Score History
You have not taken this quiz